000 00518nam a2200193Ia 4500
005 20250326143154.0
008 250326s9999 xx 000 0 und d
020 _a0-534-37363-1
037 _aTextbook
040 _aFMSL
_beng
_cFMSL
041 _aeng
_2eng
084 _aX:89Q P1
_qFMSL
100 _aShapiro J
_9747299
245 0 _aModeling the Supply Chain
_cShapiro J
260 _aAustralia
_bAustralia, Duxbury
_c2001
300 _a586p
942 _cTB
_hX:89Q P1
999 _c1298437
_d1298437